00418nam a2200157Ia 4500100001900000250000600019942000700025654001400032245003500046260002800081082001800109300000800127546001200135999001700147952009600164 aGhezzi/ Carlo  a2 cBK aLanguages aProgramming Language Concepts bJohn Wiley & Sonsc1982 a5.13bGHE/JAZ a428 aENGLISH c18100d18100 001040708CRCaCRCEbCRCEd2023-03-17l0o5.13 GHE/JAZp11386r2023-03-17w2023-03-17yBK